[Event "IECG CN.2001.0.00245"]
[Site "IECG email"]
[Date "2001.04.29"]
[Round "?"]
[White "Tjiptadi, Kudus"]
[Black "Veilands, Maris"]
[Result "1-0"]
[WhiteElo "734"]
[BlackElo "800"]
[PlyCount "61"]
[EventDate "2001.04.29"]
[EventType "tourn (corr)"]
[EventRounds "6"]
[SourceTitle "Corr 2008"]
[Source "ChessBase"]
[SourceDate "2008.06.24"]
[SourceVersion "1"]
[SourceVersionDate "2008.06.24"]
[SourceQuality "1"]

1. d4 d5 2. c4 dxc4 3. Nc3 Nf6 4. e3 Bg4 5. Qa4+ Nc6 6. Bxc4 e6 7. Nge2 Bb4 8. 0-0 0-0 9. a3 Bd6 10. Ng3 a6 11. Qc2 Qd7 12. b4 b5 13. Bb3 Rfd8 14. Bb2 Bxg3 15. hxg3 Bf5 16. Qe2 Ng4 17. Rac1 h6 18. d5 Nce5 19. e4 Bg6 20. f4 exd5 21. fxe5 Re8 22. e6 Qxe6 23. Bxd5 Qb6+ 24. Kh1 Ne3 25. Bxa8 Rxa8 26. Nd5 Nxd5 27. exd5 Qd6 28. Qf3 f6 29. Rc6 Qd7 30. Rfc1 Ra7 31. Bd4 1-0